| 000 | 01031cam a22003137a 4500 | ||
|---|---|---|---|
| 003 | CHAP | ||
| 005 | 20220329143030.0 | ||
| 008 | 050920d1995 es r 00110 spa d | ||
| 010 | _a90935 | ||
| 011 | _a91907 | ||
| 020 | _a8471145936 | ||
| 035 | _a102470 | ||
| 040 | _cCHAP | ||
| 082 | 0 | 4 |
_a631.16 _bB35 1995 |
| 100 | 0 | 0 |
_aBallestero, Enrique. _99723 |
| 245 | 1 | 0 |
_aContabilidad agraria _c/por Enrique Ballestero |
| 250 | _a5 ed. | ||
| 260 |
_aMadrid : _bMundi-Prensa, _c1995. |
||
| 300 | _a254 p. | ||
| 590 |
_aBATCH-UPD _b10 _c20130110 _lUCH01 _h2018 |
||
| 590 |
_aCONVERSION _b10 _c20130109 _lUCH01 _h1350 |
||
| 650 | 1 | 4 |
_aAgricultura _xContabilidad. _91378 |
| 901 | _aBK | ||
| 905 | _aLilia | ||
| 942 | _cLIBRO | ||
| 949 |
_a631.16 B35 1995 _bBC _cLIBRO _d33724000957619 _eLIBRO _fc.2 _gI.c/e _h106912 _i102470 _sb _t$335.00 |
||
| 949 |
_a631.16 B35 1995 _bBC _cLIBRO _d33724000957676 _eLIBRO _gI.c/e _h106911 _i102470 _si _t$335.00 |
||
| 949 |
_a631.16 B35 1995 _bBC _cLIBRO _d33724000958286 _eLIBRO _fc.3 _gI.c/e _h106913 _i102470 _sb _t$335.00 |
||
| 999 |
_c90935 _d90935 |
||